Loading...

സാഹിത്യതത്വാവലി

Bibliographic Details
Main Authors: രാജരാജവ൪മ്മ രാജ വടക്കുംകൂ൪, Rajaraja Varmma Raja Vadakkumkor
Format: Printed Book
Published: Trivandrum; Kalalaya Book Depot; 1968
Edition:1st
Subjects:
LEADER 00754nam a22001817a 4500
082 |b 807  |a RAJ/V K8 
100 |a രാജരാജവ൪മ്മ രാജ വടക്കുംകൂ൪  |9 288692 
100 |a Rajaraja Varmma Raja Vadakkumkor  |9 87422 
240 |a Sahithyathathovali 
245 |a സാഹിത്യതത്വാവലി 
250 |a 1st 
260 |a Trivandrum;  |b Kalalaya Book Depot;  |c 1968 
300 |a 182p. 
650 |a മലയാളം; സാഹിത്യ പഠനം  |9 288693 
650 |a Malayalam; Literary studies   |9 288694 
942 |c BK 
999 |c 49201  |d 49201 
952 |0 0  |1 0  |4 0  |6 807_000000000000000_RAJ_V_K8  |7 0  |8 LITTSTUD  |9 58006  |a MAL  |b MAL  |d 2016-03-03  |e 19093  |g 3.00  |l 0  |o 807 RAJ/V K8  |p MAL019093  |r 2016-03-03  |t 1  |w 2016-03-03  |y BK